|
|
|
|
| LEADER |
00939nam a2200205Ia 4500 |
| 001 |
TDMU_21191 |
| 008 |
210410s9999 xx 000 0 und d |
| 082 |
|
|
|a 335.4
|
| 090 |
|
|
|b H450
|
| 100 |
|
|
|a Hồ, Chí Minh
|
| 245 |
|
0 |
|a Về chủ nghĩa Mác - Lênin, chủ nghĩa xã hội và con đường đi lên chủ nghĩa xã hội ở Việt Nam
|
| 245 |
|
0 |
|c Hồ Chí Minh; Trịnh Quốc Tuấn, Nguyễn Khánh Bật chủ biên...[và những người khác]
|
| 260 |
|
|
|a H.
|
| 260 |
|
|
|b Chính trị quốc gia
|
| 260 |
|
|
|c 2004
|
| 300 |
|
|
|a 404tr
|
| 650 |
|
|
|a Hồ Chí Minh
|d 1890-1969; Chủ nghĩa xã hội; Cách mạng xã hội Việt Nam; Chủ nghĩa Mác-Lê Nin
|
| 700 |
|
|
|a Trịnh, Quốc Tuấn
|
| 856 |
|
|
|u http://lrc.tdmu.edu.vn/opac/search/detail.asp?aID=2&ID=21191
|
| 980 |
|
|
|a Trung tâm Học liệu Trường Đại học Thủ Dầu Một
|